Statistics for Fill in the LOONA lyrics quiz

Click here to take the quiz!

General Stats

  • This quiz has been taken 22 times
  • The average score is 11 of 17

Answer Stats

lyricanswer% Correct
_______ in the rainsinging
100%
Hello finally introducing...______LOONA
95%
i go _ __ i goi go
85%
lights, camera, action, ____pose!
85%
all my ____, by my ____life
75%
i love you, i ____ youneed
75%
you ______ my heartattack
70%
we ain't gotta east of ____ so keep iteden
70%
I can make you dance around me like a ____ ____hula hoop
70%
love myself _____, let you go _____today
70%
I can see the shining ____ abovemoon
60%
go slow with the ____bass
55%
bad, bad __ ____?so what
50%
bling, bling shine like a _______starlight
50%
ki- ki- ________ ______kiseuneun daume!
40%
my life is ____rosy/ lovely
25%
modu ___ ___ ___wechyeo say itwow wow wow
10%

Score Distribution

Percentile by Number Answered

Percent of People with Each Score

Your Score History

You have not taken this quiz